02111nam a22003137a 4500003000900000008004100009040007100050082004500121110005500166245006800221260003300289300002900322440006400351505099600415650002301411650003501434650002601469650001601495650001401511650003401525700002901559700003101588700002601619700002001645700002201665700002601687700002901713710005501742AR-CdUCM190425b ||||| |||| 00| 0 spa d aMUNICIPALIDAD PROVINCIAL DEL CUSCOcBIBLIOTECA MUNICIPAL DEL CUSCO aRev.Univ/N°72/1937bRev.Univ/N°72/1937 aUniversidad Nacional de San Antonio Abad del Cusco aRevista Universitaria :bÓrgano de la Universidad del Cuzco / aCusco :bH. G. Rozas,c1937. a168 páginas. :c20 cm. aRevista UniversitarianAño XXVI, 1° semestre 1937, N°72 aContenido: El contenido espiritual del movimiento indigenista. Atilio Sivirichi. -- Las novelas de la guerra. Eulogio Tapia Olarte. -- Baladas peruanas. Encino del Val. -- Juan Espinoza Medrano. Alfredo Yépez Miranda. -- El Congreso Panperuano de 1837 en Tacna. Julián Santiesteban Ochoa. -- América anhela, Roosevelt propone y Dios proveerá. A. Solórzano. -- Hacia la historia del cuzco. José Gabriel Cosio. -- Nueva Corónica y Buen Gobierno. Felipe Guamán Poma de Ayala. Jorge Cornejo Bouroncle. -- Defectos procesales. David Chaparro. -- Reincidencia. Francisco Ponce de León. -- Concordancias entre el Código Civil y Código Penal. Francisco Ponce de León. -- Ampliando el herbarium de la Universidad del Cuzco. César Vargas C. -- Contribución al estudio de la flora peruana. V. Soukup. -- Campo de cultivo en andenería de los antiguos. Federico Ponce de León. -- De la vida universitaria. -- Nota necrológica Eufracio Álvarez. -- Notas de redacción. aHistoria del Cusco aConfederación Perú Bolivia aBotánica cusqueña aIndigenismo aCronistas aFelipe Guamán Poma de Ayala aYépez Miranda, Alfredo aPonce de León, Francisco aCosio, José Gabriel aVargas, César aSivirichi, Atilio aTapia Olarte, Eulogio aCornejo Bouroncle, Jorge aUniversidad Nacional de San Antonio Abad del Cusco